Concrete technology (Record no. 4023)

000 -LEADER
fixed length control field 00455nam a22001817a 4500
001 - CONTROL NUMBER
control field 4023
003 - CONTROL NUMBER IDENTIFIER
control field BD-DhUET
008 - FIXED-LENGTH DATA ELEMENTS--GENERAL INFORMATION
fixed length control field 141111b xxu||||| |||| 00| 0 eng d
040 ## - CATALOGING SOURCE
Transcribing agency 0
Modifying agency BD-DhUET
082 ## - DEWEY DECIMAL CLASSIFICATION NUMBER
Classification number 620.136
Item number SHE/1982
100 ## - MAIN ENTRY--PERSONAL NAME
Personal name Shetty, M. S.
245 ## - TITLE STATEMENT
Title Concrete technology
Remainder of title theory and practice
250 ## - EDITION STATEMENT
Edition statement 1st ed.
260 ## - PUBLICATION, DISTRIBUTION, ETC. (IMPRINT)
Place of publication, distribution, etc. New Delhi
Name of publisher, distributor, etc. S. Chand
Date of publication, distribution, etc. 1982
300 ## - PHYSICAL DESCRIPTION
Extent xiv, 592p.
Other physical details ill.
650 #0 - SUBJECT ADDED ENTRY--TOPICAL TERM
Topical term or geographic name as entry element Concrete - Engineering
942 ## - ADDED ENTRY ELEMENTS (KOHA)
Koha item type General Book
Holdings
Copy number Withdrawn status Location (home branch) Source of classification or shelving scheme Koha issues (times borrowed) Not for loan Price effective from Damaged status Sublocation or collection (holding branch) Piece designation (barcode) Koha normalized classification for sorting Koha date last seen Koha full call number Shelving location Koha collection Date acquired Koha item type Koha date last borrowed Lost status
2 Central Library, BUET 1 2014-11-11 Central Library, BUET58310620_000000000000000_136SHE19822014-12-23620.136/SHE/1982Circulation section 2014-11-11General Book2014-11-11 
1 Central Library, BUET 1 2014-11-16 Central Library, BUET56438620_000000000000000_136SHE19822017-06-05620.136/SHE/1982Circulation section 2014-11-16General Book2014-11-16 
3 Central Library, BUET 1 2014-11-18 Central Library, BUET58315620_136000000000000_SHE_19822016-09-03620.136/SHE/1982Circulation section 2014-11-18General Book2014-11-18 
4 Central Library, BUET 2 2014-11-26 Central Library, BUET58312620_000000000000000_136SHE19822016-08-21620.136/SHE/1982Circulation section 2014-11-26General Book2016-03-05 
5 Central Library, BUET   2015-02-05 Central Library, BUET58311620_136000000000000_SHE_19822015-02-05620.136/SHE/1982Circulation sectionNon Fiction2015-02-05General Book  
6 Central Library, BUET   2015-06-14 Central Library, BUET58308620_136000000000000_SHE_19822015-06-14620.136/SHE/1982Reading section 2015-06-14Reading Item  
7 Central Library, BUET   2015-06-15 Central Library, BUET58309620_136000000000000_SHE_19822015-06-15620.136/SHE/1982Reading section 2015-06-15Reading Item  
8 Central Library, BUET   2015-06-16 Central Library, BUET58313620_136000000000000_SHE_19822015-06-16620.136/SHE/1982Reading section 2015-06-16Reading Item  
9 Central Library, BUET   2015-06-16 Central Library, BUET58314620_136000000000000_SHE_19822015-06-16620.136/SHE/1982Reading section 2015-06-16Reading Item  
10 Central Library, BUET   2015-06-20 Central Library, BUET58316620_136000000000000_SHE_19822015-06-20620.136/SHE/1982Reading section 2015-06-20Reading Item  
11 Central Library, BUET   2015-06-23 Central Library, BUET55327620_136000000000000_SHE_19822015-06-23620.136/SHE/1982Reading section 2015-06-23Reading Item